Count in Binary - 90 Second Sprint - Statistics

General Stats
  • This quiz has been taken 29 times
  • The average score is 33 of 50
Answer Stats
Decimal Binary % Correct
1 1
100%
2 10
95%
3 11
95%
4 100
86%
5 101
86%
10 1010
81%
6 110
81%
7 111
81%
8 1000
76%
16 10000
76%
17 10001
76%
9 1001
76%
18 10010
76%
19 10011
76%
20 10100
76%
11 1011
76%
12 1100
76%
13 1101
76%
14 1110
76%
15 1111
76%
21 10101
71%
22 10110
67%
23 10111
67%
24 11000
67%
25 11001
67%
26 11010
67%
27 11011
67%
28 11100
67%
29 11101
67%
30 11110
67%
31 11111
67%
32 100000
62%
33 100001
62%
34 100010
62%
35 100011
62%
36 100100
62%
37 100101
62%
38 100110
62%
39 100111
57%
40 101000
57%
41 101001
52%
42 101010
52%
43 101011
52%
44 101100
43%
45 101101
38%
46 101110
38%
47 101111
38%
48 110000
29%
49 110001
24%
50 110010
19%
No matching quizzes found
Score Distribution
Percent of People with Each Score
Percentile by Number Answered
Your Score History
You have not taken this quiz